000 00649nam a2200229Ia 4500
003 GCL
008 140319s9999 xx 000 0 ara d
040 _aGCL /
_cGCL
082 0 4 _a155.74
_bع ت
100 1 _aعبدالفتاح ابومعال
245 1 0 _aتنمية الاستعداد اللغوى عند الاطفال /
_cعبدالفتاح ابومعال
260 _a[S.N] :
_bدار الشروق ،
_c1992
300 _a184
490 _a
650 0 4 _aالاطفال
650 0 4 _aالاصوات اللغوية
650 0 4 _aنمو
650 0 4 _aالنطق
650 0 4 _aالكلام
650 0 4 _aغيوب
942 _2ddc
_cBK
999 _c30029
_d30029